000 00524nam a2200109Ia 4500
008 171212s9999 xx 000 0 und d
100 _aGoodison, Sean E.;Davis, Robert C.;Jackson, Brian A.
245 _cGoodison, Sean E.;Davis, Robert C.;Jackson, Brian A.
_aDigital Evidence and the U.S. Criminal Justice System
_bIdentifying Technology and Other Needs to More Effectively Acquire and Utilize Digital Evidence
260 _bRAND Corporation
_c2015
650 _aLaw
856 _uhttp://www.jstor.org/stable/10.7249/j.ctt15sk8v3
999 _c351954
_d351954